000 00469nam a2200157Ia 4500
008 100122s9999 xx 000 0 und d
082 _b69935
_a927.92
100 _aलागू श्रीराम
245 _aलमाण (मा.वि.16/3)
250 _a2
260 _bपॉप्युलर प्रकाशन
_c2006
300 _a356
630 _aलमाण (मा.वि.16/3)
730 _aलमाण (मा.वि.16/3)
942 _cBOOK
999 _c441081
_d441078